| 000 | 00746nam a2200193 a 4500 | ||
|---|---|---|---|
| 008 | 120911s2005 ||||||||||||||||| || u | ||
| 020 | _a978-0-7637-8356-3 | ||
| 050 | _aRJ 206 SAM | ||
| 100 | _aSamour, Patricia Queen | ||
| 245 | 1 | 0 | _aHandbook of pediatric nutrition. -- 3rd ed. |
| 250 | _a3rd ed. | ||
| 260 |
_aSudbury, Massachusetts: _bJones & Bartlett Publishers _c2005 |
||
| 300 | _axvi, 722p.: ill. | ||
| 650 | _aDIET THERAPY--INFANT | ||
| 650 | _aCHILDREN--NUTRITION | ||
| 650 | _aCHILDREN--NUTRITION--HANDBOOKS, MANUALS, ETC | ||
| 700 | _aKing, Kathy | ||
| 995 |
_aMEDICAL LIBRARY OPEN ACCESS _e901849 _FCBU-SCHOOL OF MEDICINE LIBRARY (Ndola) _jOTL RJ 206 SAM _M1 _UAVAILABLE _WOct 16, 2012 _y901849 _ZMedical Library Open Access Collection |
||
| 999 |
_c31618 _d31618 |
||